000 nam a22 7a 4500
999 _c8985
_d8985
008 180122b ||||| |||| 00| 0 eng d
100 _95285
_aWESTWOOD.P
245 _aREADING AND WRITING DIFFICUTICS
260 _aAUSTALIA
_bACER PRESS
_c2016